| 000 | 00697nam a22002057a 4500 | ||
|---|---|---|---|
| 999 |
_c19691 _d19691 |
||
| 003 | AR-CdUCM | ||
| 008 | 190520b ||||| |||| 00| 0 spa d | ||
| 040 |
_aMUNICIPALIDAD PROVINCIAL DEL CUSCO _cBIBLIOTECA MUNICIPAL DEL CUSCO |
||
| 082 |
_a348.82 / _bM26 |
||
| 100 |
_aMartinez Vivot, Julio J. _941185 |
||
| 245 | _aTrabajo de menores y de mujeres / | ||
| 260 |
_aBuenos Aires : _bDepalma, _c1964. |
||
| 300 |
_a222 páginas : _c24 cm. |
||
| 505 | _aContenido: Introducción general -- Trabajo de menores -- Aprendizaje... | ||
| 650 |
_aAprendizaje _92143 |
||
| 650 |
_aTrabajo con mejores _941186 |
||
| 650 |
_aTrabajo con mujeres _941187 |
||
| 942 |
_2ddc _cLIBROS |
||
| 945 |
_adavv _d2019-05-20 |
||